| 000 | 00651nam a2200229Ia 4500 | ||
|---|---|---|---|
| 001 | 1062 | ||
| 003 | GE_BSU | ||
| 008 | 181216s||||||||xx |||||||||||||| ||und|| | ||
| 040 | _cGE_BSU | ||
| 080 | _a821.161.1(072) | ||
| 100 | _aРыбникова,М.А. | ||
| 245 | _aОчерки по методике литературного чтения. | ||
| 245 | _bпособие для учителя | ||
| 250 | _aИзд. 4-ое исп. | ||
| 260 | _aМосква | ||
| 260 | _bПросвещение | ||
| 260 | _c1985 | ||
| 300 | _a288 с. | ||
| 541 | _h8 л. | ||
| 653 | _aМетодика литературного чтения | ||
| 942 | _cBK | ||
| 999 |
_c35216 _d35216 |
||